00469nam a22001817a 450000500170000000800410001702000260005804000090008404100120009308200170010510000260012224500380014826000340018630000080022065000210022870000210024970000170027020260416114419.0260416b |||||||| |||| 00| 0 eng d a9788190736411c895.00 aMAIN aEnglish a005.133bSHU aShukla, Amal Shankar  aComputer Concept Programming In C aDelhibA.B. Publishers c2025 a661 aComputer Science aGaur, Navneet K. aGaur, Madhu